Od klasiky k značkovým produktom konzumácia zmrzliny na Slovensku stále stúpa

Najväčší konzumenti zmrzliny vo svete a v Európe. Popularita zmrzliny v letnom období. Objem konzumácie zmrzliny podľa pohlavia, veku a bydliska. Zastúpenie domácich a zahraničných výrobcov zmrzliny na slovenskom trhu. Podiel jednotlivých typov zmrzliny na sortimente výrobcov. Uloženie zmrzlín v pre...

Descrizione completa

Salvato in:
Dettagli Bibliografici
Natura: Libro
Lingua:slovacco
Soggetti:
Tags: Aggiungi Tag
Nessun Tag, puoi essere il primo ad aggiungerne!!

MARC

LEADER 00000nam a2200000 4500
001 r031582
005 20230626065430.2
041 0 |a slo 
044 |a SK 
245 1 0 |a Od klasiky k značkovým produktom  |b konzumácia zmrzliny na Slovensku stále stúpa 
520 |a Najväčší konzumenti zmrzliny vo svete a v Európe. Popularita zmrzliny v letnom období. Objem konzumácie zmrzliny podľa pohlavia, veku a bydliska. Zastúpenie domácich a zahraničných výrobcov zmrzliny na slovenskom trhu. Podiel jednotlivých typov zmrzliny na sortimente výrobcov. Uloženie zmrzlín v predajniach. História zmrzliny a zápisy o zmrzline v Guinnessovej knihe rekordov. 
610 2 0 |a potraviny mrazené 
610 2 0 |a pochutiny 
610 2 0 |a potraviny 
610 2 0 |a značky výrobné 
610 2 0 |a predajne 
610 2 0 |a mlieko 
610 2 0 |a Slovensko 
610 2 0 |a preferencie spotrebiteľské 
610 2 0 |a Schöller 
610 2 0 |a Algida